| 000 | 01073nas a2200265Ia 4500 | ||
|---|---|---|---|
| 001 | R122/45030 | ||
| 003 | IT-RoPAU | ||
| 008 | 151124c99999999xx |||||||||||| ||und|| | ||
| 040 | _aIT-RoPAU | ||
| 040 | _cIT-RoPAU | ||
| 041 | _aITALIANO | ||
| 100 |
_aAA.VV. _gCodice Aut. SPICS: 12000 |
||
| 210 | _aMASS MEDIA | ||
| 222 | _aMass Media | ||
| 245 |
_aMASS MEDIA, ANNO 05-N.1 (GENNAIO/FEBBRAIO 1986) _bMass Media, Anno 05-N.1 (Gennaio/Febbraio 1986) |
||
| 250 | _a1a ed. | ||
| 260 |
_aITALIA _bCAPONE CAVALLINO DI LECCE _c1986 |
||
| 501 |
_bPaulus - SPICS - Società San Paolo EM (non-commercial uses only) _cCopyright2015 |
||
| 300 | _a96 p. | ||
| 310 | _aBIMESTRALE | ||
| 362 | _aANNO 005, N.01 (GENNAIO/FEBBRAIO 1986) | ||
| 500 | _aNumero Speciale Sui Viaggi Internazionali del Papa: 28 in 7 Anni di Pontificato. Contributi di Autori Vari. tra Missione e Tecnologia: Intervista a Abraham Moles Sui Viaggi del Papa. Note Sul Film "Rambo 2": Film più Bruttodel Mercato. Recensioni di Libri | ||
| 650 |
_aCOMUNICAZIONE _vPUBBLICAZIONE PERIODICA |
||
| 942 | _cCR | ||
| 999 |
_c117429 _d117429 |
||